Journal of travel and tourism marketing

Enregistré dans:
Détails bibliographiques
Format: Publication en série
Langue:anglais
Publié: Binghamton The Haworth Press 1994
Sujets:
Tags: Ajouter un tag
Pas de tags, Soyez le premier à ajouter un tag!

MARC

LEADER 00000nas2a2200000 4500
001 s017991
005 20240109095920.7
022 |a 1054-8408 
041 0 |a eng 
044 |a US 
245 1 0 |a Journal of travel and tourism marketing 
264 1 |a Binghamton  |b The Haworth Press  |c 1994 
300 |a 1 zv. 
773 0 |w eu_un_cat*s120151 
610 2 0 |a ruch cestovný 
610 2 0 |a marketing